00642nam a2200217Ia 450000500170000000800410001704000190005804100120007708200160008910000160010524500510012125000160017226000490018830000330023750400500027063000270032063000390034765000140038665100140040085000100041420240203114554.0131103s9999 xx 000 0 und d aLoreto College aEnglish a370.15bDOS aDosajh,N.L. aAdvanced Educational Psychology, cN.L.Dosajh arev.2nd.ed. aBombaybAllied Publishers Private Ltd.c1982 aix,506 p.b ill.,fig.,tables aIncludes bibliographical references and index aEducational Psychology aPhilosophy and Theory Of Education aEducation aEducation aLCLIB